000
00379nam a2200133Ia 4500
008
151001s9999||||xx |||||||||||||| ||und||
100
_a
ध रा गाला
245
_a
उपवास करा आणि निरोगी व्हा
250
_a
3
260
_b
गाला पब्लिशर्स
260
_c
1991
300
_a
47
365
_b
21
999
_c
969913
_d
969910